00720nam a22002177a 450000500170000001000130001702000240003003500130005403700160006704000120008308200150009510000190011024500790012926000420020827000550025030000200030565000200032565000290034565000540037465000740042820170124105913.0 aB-058633 a8170003121c1200.00 aB-058633 bCen Lib/Ret aDPLbEN a020.3bDHY aDhyani, Pushpa aDhyani's glossarium of library and information science /cby Pushpa Dhyani aNew DelhibEss Ess Publicationsc2002 a483/24, Ansari Raod, Darya GanjbNew Delhie110002 a589p.c21cm(Hb) aLibrary Science aGlossary-Library science aपुस्तकालय विज्ञान a शब्दावली-लाइब्रेरी साइंस